[Event "Titled Tuesday intern op 30th Apr Late"]
[Site "Chess.com INT"]
[Date "2024.04.30"]
[Round "1"]
[White "Biernacki, Mark"]
[Black "Dragomirescu, Robin Alexandru"]
[Result "0-1"]
[WhiteElo "1989"]
[BlackElo "2347"]
[PlyCount "128"]
[EventDate "2024.04.30"]
[EventType "swiss (blitz)"]
[EventRounds "11"]
[EventCountry "USA"]
[SourceTitle "EXT 2025"]
[Source "ChessBase"]
[SourceDate "2024.10.14"]
[SourceVersion "1"]
[SourceVersionDate "2024.10.14"]
[SourceQuality "1"]

1. d4 Nf6 2. Bg5 d5 3. e3 c5 4. c3 Nc6 5. Nd2 e5 6. dxe5 Nxe5 7. Ngf3 Nc6 8. Qc2 Be6 9. e4 Be7 10. exd5 Nxd5 11. Bxe7 Qxe7 12. 0-0-0 0-0 13. Bc4 Rfd8 14. Rhe1 Qf6 15. Ne4 Qf4+ 16. Qd2 b6 17. Qxf4 Nxf4 18. Bxe6 Nxe6 19. g3 Kf8 20. Kc2 h6 21. Nd6 g6 22. Nc4 Ke7 23. Nfe5 Nxe5 24. Nxe5 Kf6 25. f4 Rac8 26. Nd7+ Ke7 27. Ne5 Kf6 28. Nd7+ Kg7 29. Ne5 h5 30. a4 Kf6 31. Nc4 Ng7 32. Nd6 Rb8 33. Ne4+ Kf5 34. Ng5 f6 35. Rxd8 Rxd8 36. Re3 fxg5 37. Re5+ Kf6 38. Rxg5 Nf5 39. h3 a6 40. Kb3 b5 41. g4 hxg4 42. hxg4 Ne3 43. axb5 axb5 44. Rxc5 Nxg4 45. Rxb5 Ne3 46. Rb6+ Kf5 47. Rc6 Nd5 48. Ka3 Nxf4 49. Rc5+ Kf6 50. b4 g5 51. Rc7 g4 52. Rh7 g3 53. Rh1 g2 54. Rg1 Rg8 55. b5 Ne2 56. Rxg2 Rxg2 57. Kb4 Ke6 58. c4 Kd7 59. c5 Nd4 60. Ka5 Nxb5 61. Kxb5 Kc7 62. Kc4 Rg5 63. Kd4 Kc6 64. Kc4 Rxc5+ 0-1

[Event "Titled Tuesday intern op 30th Apr Late"]
[Site "Chess.com INT"]
[Date "2024.04.30"]
[Round "6"]
[White "Dragomirescu, Robin Alexandru"]
[Black "Chiu, Isaac"]
[Result "0-1"]
[WhiteElo "2347"]
[BlackElo "2226"]
[PlyCount "66"]
[EventDate "2024.04.30"]
[EventType "swiss (blitz)"]
[EventRounds "11"]
[EventCountry "USA"]
[SourceTitle "EXT 2025"]
[Source "ChessBase"]
[SourceDate "2024.10.14"]
[SourceVersion "1"]
[SourceVersionDate "2024.10.14"]
[SourceQuality "1"]

1. b3 d5 2. Bb2 Bg4 3. g3 Nc6 4. Nf3 Bxf3 5. exf3 a6 6. f4 e6 7. Bg2 Nge7 8. d3 h5 9. h4 Nf5 10. Nd2 Bc5 11. Nf3 Qe7 12. Ne5 Nxe5 13. fxe5 0-0-0 14. Qd2 Kb8 15. 0-0-0 Ba3 16. Qf4 Bxb2+ 17. Kxb2 Qc5 18. d4 Qb6 19. Rd3 g6 20. Rhd1 c5 21. dxc5 Qxc5 22. Rc3 Qb6 23. Rdd3 Rc8 24. Bf1 d4 25. Rxc8+ Rxc8 26. Rd2 Qc5 27. Bd3 Qc3+ 28. Kb1 Ne7 29. Re2 Nd5 30. Qd2 Qc5 31. Re1 Qa3 32. c4 dxc3 33. Qc2 Nb4 0-1

[Event "Titled Tuesday intern op 23rd Apr Early"]
[Site "Chess.com INT"]
[Date "2024.04.23"]
[Round "5"]
[White "Dreelinck, Jacob"]
[Black "Dragomirescu, Robin Alexandru"]
[Result "0-1"]
[WhiteElo "2319"]
[BlackElo "2347"]
[PlyCount "50"]
[EventDate "2024.04.23"]
[EventType "swiss (blitz)"]
[EventRounds "11"]
[EventCountry "USA"]
[SourceTitle "EXT 2025"]
[Source "ChessBase"]
[SourceDate "2024.10.14"]
[SourceVersion "1"]
[SourceVersionDate "2024.10.14"]
[SourceQuality "1"]

1. d4 Nf6 2. Nc3 d5 3. e4 dxe4 4. Bg5 Nbd7 5. Qe2 h6 6. Bh4 e6 7. f3 c5 8. 0-0-0 cxd4 9. Rxd4 Bc5 10. Rd1 Qb6 11. Na4 Qa5 12. Nxc5 Nxc5 13. Bxf6 gxf6 14. Kb1 Bd7 15. fxe4 0-0-0 16. Nf3 Bb5 17. c4 Bc6 18. Nd2 Nxe4 19. Nxe4 Bxe4+ 20. Ka1 Rxd1+ 21. Qxd1 Rd8 22. Qc1 Rd2 23. c5 Rc2 24. Qd1 Qb4 25. Qxc2 Qe1+ 0-1

[Event "Titled Tuesday intern op 23rd Apr Early"]
[Site "Chess.com INT"]
[Date "2024.04.23"]
[Round "3"]
[White "Finek, Vaclav"]
[Black "Dragomirescu, Robin Alexandru"]
[Result "1-0"]
[WhiteElo "2431"]
[BlackElo "2347"]
[PlyCount "75"]
[EventDate "2024.04.23"]
[EventType "swiss (blitz)"]
[EventRounds "11"]
[EventCountry "USA"]
[SourceTitle "EXT 2025"]
[Source "ChessBase"]
[SourceDate "2024.10.14"]
[SourceVersion "1"]
[SourceVersionDate "2024.10.14"]
[SourceQuality "1"]

1. c4 e5 2. Nc3 Bb4 3. g3 Bxc3 4. bxc3 Nf6 5. Bg2 0-0 6. d3 c6 7. Bg5 h6 8. Bxf6 Qxf6 9. Qd2 Na6 10. Nf3 d5 11. cxd5 cxd5 12. 0-0 Rd8 13. d4 e4 14. Ne1 Nc7 15. f3 Qe7 16. Nc2 exf3 17. exf3 Nb5 18. Ne3 a5 19. a4 Nc7 20. f4 Ra6 21. Rfe1 Qd6 22. Qd3 Rb6 23. c4 Rb2 24. cxd5 b6 25. Qc3 Rxg2+ 26. Kxg2 Bb7 27. Kf2 Nxd5 28. Qb3 Nf6 29. Rad1 Qd7 30. Qxb6 Ne4+ 31. Kg1 Nc3 32. Rd3 Nd5 33. Qxa5 Nxe3 34. Rdxe3 Qxd4 35. Qxd8+ Qxd8 36. Re8+ Qxe8 37. Rxe8+ Kh7 38. Rb8 1-0